Catálogo
 En Linea

Antología de la poesía cósmica cubana / (Registro nro. 25669)

Detalles MARC
000 -CABECERA
campo de control de longitud fija 00573nam a2200169 a 4500
001 - NÚMERO DE CONTROL
campo de control 000026177
005 - FECHA Y HORA DE LA ÚLTIMA TRANSACCIÓN
campo de control 20200930024352.0
008 - DATOS DE LONGITUD FIJA--INFORMACIÓN GENERAL
campo de control de longitud fija 110223m20002002mx r 000 | spa d
040 ## - FUENTE DE LA CATALOGACIÓN
Centro catalogador/agencia de origen DO-SdBNP
Lengua de catalogación spa
Centro/agencia transcriptor BNPHU
082 ## - NÚMERO DE LA CLASIFICACIÓN DECIMAL DEWEY
Número de clasificación NNN
Número de documento/Ítem A6342
049 ## - FONDOS LOCALES (OCLC)
Fondos de biblioteca BNGR
245 10 - MENCIÓN DE TÍTULO
Título Antología de la poesía cósmica cubana /
Mención de responsabilidad, etc. prólogo y análisis arquetípico de Fredo Arias de la Canal.
260 ## - PUBLICACIÓN, DISTRIBUCIÓN, ETC.
Lugar de publicación, distribución, etc. México, D. F. :
Nombre del editor, distribuidor, etc. Frente de Afirmación Hispanista,
Fecha de publicación, distribución, etc. 2000-2002.
300 ## - DESCRIPCIÓN FÍSICA
Extensión v.3 :
Otras características físicas il., ;
Dimensiones 23 cm.
500 ## - NOTA GENERAL
Nota general Incluye índice
700 1# - PUNTO DE ACCESO ADICIONAL--NOMBRE DE PERSONA
Nombre de persona Arias de la Canal, Fredo ,
Término indicativo de función/relación pról.
9 (RLIN) 8096
Existencias
Estado de retiro Estado de pérdida Restricciones de uso No para préstamo Código de colección Localización permanente Ubicación/localización actual Ubicación en estantería Fecha de adquisición Número de inventario Total de préstamos Signatura topográfica completa Código de barras Fecha visto por última vez Precio válido a partir de Tipo de ítem Koha
      Excluido de préstamo Monografías: Libros y Folletos General General En catalogación 03.03.2011 LF1   v. 1 26177-10 25.06.2020 25.06.2020 No se presta
      Excluido de préstamo Monografías: Libros y Folletos General General En catalogación 03.03.2011 LF1   v. 2 26177-20 25.06.2020 25.06.2020 No se presta
      Excluido de préstamo Monografías: Libros y Folletos General General En catalogación 23.07.2013 LF1   v. 3 26177-30 25.06.2020 25.06.2020 No se presta

Con tecnología Koha